Datum a čas kvízu
48
Celkem bodů
Celkový počet nahraných bodů na tomto kvízu bez doplňovacích otázek.
2.
Pořadí na kvízu
Konečné umístění týmu na tomto kvízu.
Zaznamenané odpovědi
# | Otázka | Odpověď | Body | Výsledky |
---|---|---|---|---|
1. | Žena jednoho bývalého českého... | Petr Nečas | 1 | |
2. | V Pekingu byla minulý týden v... | Labubu | 1 | |
3. | Českou a slovenskou veřejnost... | Emma Smetana | 1 | |
4. | Česká mutace jednoho oblíbenéh... | Playboy | 1 | |
5. | V neděli skončil 77. ročník cy... | Dauphiné | 1 | |
6. | Toto téma začneme prostě, a to... | Mantikora (Mantichora) | 1 | |
7. | Termínem Jókai (Yōkai) se ozna... | A | 1 | |
8. | V roce 2009 byl Rodinným autem... | Škoda Yeti | 1 | |
9. | V této otázce bude vaším úkole... | 1D 2A 3C 4B | 1 | |
10. | Na závěr jedno české mytologic... | Blaník | 1 |